000 00232 a2200097 4500
100 _aSidhwa, J B
245 _atextbook of Inorganic chemistry
260 _a
_bIqbal Publisher
_c
090 _c16957
_d16957
942 _aNUST-CAE
_cM
_c7732
999 _c381477
_d381477